El Último once de setiembre /

Uloženo v:
Podrobná bibliografie
Hlavní autor: Dorfman, Ariel
Médium: Text
Témata:
Tagy: Přidat tag
Žádné tagy, Buďte první, kdo vytvoří štítek k tomuto záznamu!

MARC

LEADER 00000 a a2200000 04500
001 2661
003
040
100 |a Dorfman, Ariel  
245 |a El Último once de setiembre /  |c Ariel Dorfman 
650 |a GOLPES DE ESTADO  
650 |a TERRORISMO  
773 |g volumen 42, número 225; páginas 14-16  
999 |c 27228  |d 27228